[Event "It \"]
[Site "masterchessopen.com Senden (Germany)"]
[Date "2011.10.28"]
[Round "9"]
[White "Landa Konstantin (RUS)"]
[Black "Van Der Weide Karel (BEL)"]
[Result "1-0"]
[WhiteElo "2639"]
[BlackElo "2449"]

1.e4 c5 2.Nf3 d6 3.d4 cxd4 4.Nxd4 Nf6 5.Nc3 Nc6 6.Bg5 e6 7.Qd2 Be7 8.O-O-O O-O
9.f4 Nxd4 10.Qxd4 Qa5 11.e5 dxe5 12.Qxe5 Qxe5 13.fxe5 Nd5 14.Bxe7 Nxe7 15.Bd3
b6 16.Be4 Rb8 17.Nb5 Bb7 18.Rhe1 Bxe4 19.Rxe4 Nc6 20.Rd6 Rfc8 21.Rc4 Nxe5
22.Rxc8+ Rxc8 23.Nxa7 Rb8 24.a4 g5 25.Nc6 Nxc6 26.Rxc6 Kg7 27.c4 h5 28.b4 Kf6
29.Kc2 Ke5 30.Kb3 f5 31.c5 bxc5 32.Rxc5+ Kd6 33.a5 h4 34.Kc4 g4 35.a6 f4
36.Rg5 g3 37.hxg3 hxg3 38.b5 Kc7 39.Kc5 Re8 40.b6+ Kb8 41.Kb5 {#r} 1-0

[Event "Ch France (team) (nat.1) 2011/12"]
[Site "masterchessopen.com France"]
[Date "2011.11.13"]
[Round "3"]
[White "Pap Misa (SRB)"]
[Black "Inkiov Ventzislav (BUL)"]
[Result "1-0"]
[WhiteElo "2511"]
[BlackElo "2456"]

1.e4 c5 2.Nf3 d6 3.d4 cxd4 4.Nxd4 Nf6 5.Nc3 Nc6 6.Bg5 e6 7.Qd2 Be7 8.O-O-O
Nxd4 9.Qxd4 O-O 10.f4 Qa5 11.Bc4 Bd7 12.e5 dxe5 13.fxe5 Bc6 14.Bd2 Nd7 15.Nd5
Qd8 16.Nxe7+ Qxe7 17.Rhe1 Rfc8 18.Bf1 Qc5 19.Bb4 Qxd4 20.Rxd4 a5 21.Bd6 b5
22.Re3 b4 23.Rh4 Nf8 24.Rc4 Bd5 25.Rxc8 Rxc8 26.a3 b3 27.c4 a4 28.Kd2 Bc6
29.Kc3 Nd7 30.c5 Ra8 31.g3 Nb8 32.Bd3 Bd7 33.Bxb8 Rxb8 34.Re4 Rc8 35.Rd4 Be8
36.Kb4 Rb8+ 37.Ka5 Rc8 38.Bb5 Rxc5 39.Rd8 Rxb5+ 40.Ka6 Kf8 41.Rxe8+ Kxe8
42.Kxb5 f5 43.Kxa4 g5 44.Kxb3 Kd7 45.Kc4 Kc6 46.a4 Kb6 47.b4 h5 48.a5+ Ka6
49.Kd4 Kb5 50.h4 {#r} 1-0

[Event "It \"]
[Site "masterchessopen.com Santos (Brazil)"]
[Date "2011.11.28"]
[Round "4"]
[White "Barreto Filho Carlos Alberto (BRA)"]
[Black "Stamenkovic Dragan (SRB)"]
[Result "1-0"]
[WhiteElo "2307"]
[BlackElo "2422"]

1.e4 c5 2.Nf3 Nc6 3.d4 cxd4 4.Nxd4 Nf6 5.Nc3 d6 6.Bg5 e6 7.Qd2 Be7 8.O-O-O
Nxd4 9.Qxd4 O-O 10.f4 Qa5 11.Bc4 Bd7 12.e5 dxe5 13.Qxe5 Qb6 14.Qe2 Bc6 15.f5
Qc5 16.Bxf6 Bxf6 17.fxe6 Bxc3 18.exf7+ Kh8 19.bxc3 Bxg2 20.Rhg1 Bf3 21.Qxf3
Qxc4 22.Rxg7 Qe6 23.Rdg1 Qh6+ 24.R7g5 Qe6 25.Qg3 Rac8 26.c4 {#r} 1-0

[Event "Memorial Andranik Margaryan (cat.8)"]
[Site "masterchessopen.com Yerevan (Armenia)"]
[Date "2012.01.12"]
[Round "7"]
[White "Harutjunyan Gevorg (ARM)"]
[Black "Bagaturov Giorgi (GEO)"]
[Result "0-1"]
[WhiteElo "2482"]
[BlackElo "2449"]

1.e4 c5 2.Nf3 d6 3.d4 cxd4 4.Nxd4 Nf6 5.Nc3 Nc6 6.Bg5 e6 7.Qd2 Be7 8.O-O-O O-O
9.f4 Nxd4 10.Qxd4 Qa5 11.Bc4 Bd7 12.e5 dxe5 13.fxe5 Bc6 14.Bd2 Nd7 15.Nd5 Qc5
16.Nxe7+ Qxe7 17.h4 Nb6 18.Bd3 Rfd8 19.Qf4 Qc7 20.Rh3 Nd7 21.Rg3 Qxe5 22.Qf2
Qf6 23.Qe1 h6 24.Bc3 e5 25.Qe3 Bd5 26.Rg4 Be6 27.Rb4 b6 28.Rf1 Qe7 29.Rb5 Qxh4
30.Kb1 Rac8 31.Bxe5 Nc5 32.Be2 Re8 33.g3 Qe7 34.Qf4 Bd5 35.Bg4 Qxe5 {#R} 0-1

[Event "It (open) (w)"]
[Site "masterchessopen.com Moscow (Russia)"]
[Date "2012.01.30"]
[Round "3"]
[White "Zhai Mo (CHN)"]
[Black "Charochkina Daria (RUS)"]
[Result "0-1"]
[WhiteElo "2191"]
[BlackElo "2358"]

1.e4 c5 2.Nf3 d6 3.d4 cxd4 4.Nxd4 Nf6 5.Nc3 Nc6 6.Bg5 e6 7.Qd2 Be7 8.O-O-O O-O
9.f4 Nxd4 10.Qxd4 Qa5 11.Bc4 b5 12.Bxb5 Rb8 13.e5 dxe5 14.fxe5 Rxb5 15.exf6
Rb4 16.Qe3 Bc5 17.Qe5 Rxb2 18.fxg7 Re8 19.Rhe1 Rb6 20.Rd5 Qa3+ 21.Kd1 Bd6
22.Qd4 e5 23.Bc1 Qb4 24.Qxb4 Bxb4 25.Bb2 Be6 26.Rd3 Be7 27.Kc1 Reb8 28.Nd1
Bg5+ 29.Kb1 e4 30.Rb3 {#R} 0-1

[Event "Ch Finland (team) 2011/12"]
[Site "masterchessopen.com Finland"]
[Date "2012.03.11"]
[Round "11"]
[White "Rantanen Yrjo A (FIN)"]
[Black "Agopov Mikael (FIN)"]
[Result "0-1"]
[WhiteElo "2396"]
[BlackElo "2448"]

1.e4 c5 2.Nf3 d6 3.d4 cxd4 4.Nxd4 Nf6 5.Nc3 Nc6 6.Bg5 e6 7.Qd2 Be7 8.O-O-O O-O
9.f4 Nxd4 10.Qxd4 Qa5 11.e5 dxe5 12.Qxe5 Qxe5 13.fxe5 Nd5 14.Bxe7 Nxe7 15.Bc4
b6 16.Rhe1 Rb8 17.Bf1 Nc6 18.Nb5 Bb7 19.g3 Rfd8 20.Bg2 Nd4 21.Bxb7 Nxb5
22.Rxd8+ Rxd8 23.Rd1 Rxd1+ 24.Kxd1 f5 25.c4 Nc7 26.Kd2 Kf7 27.Ke3 g5 28.Kd4
Ke7 29.c5 bxc5+ 30.Kxc5 h5 31.b4 g4 32.b5 Nd5 33.Bxd5 exd5 34.Kxd5 f4 35.gxf4
h4 {#R} 0-1

[Event "Ch Moscow"]
[Site "masterchessopen.com Moscow (Russia)"]
[Date "2012.03.15"]
[Round "6"]
[White "Popov Ivan (RUS)"]
[Black "Korotylev Alexey (RUS)"]
[Result "1-0"]
[WhiteElo "2599"]
[BlackElo "2580"]

1.e4 c5 2.Nf3 d6 3.d4 cxd4 4.Nxd4 Nf6 5.Nc3 Nc6 6.Bg5 e6 7.Qd2 Be7 8.O-O-O O-O
9.f4 Nxd4 10.Qxd4 Qa5 11.e5 dxe5 12.Qxe5 b5 13.Qxb5 Qc7 14.Qe5 Qb7 15.Bc4 h6
16.Bh4 Ng4 17.Qe2 Bxh4 18.Qxg4 Bf6 19.Bb3 a5 20.a4 Qb4 21.Qg3 Bb7 22.f5 Bxc3
23.Qxc3 Qxc3 24.bxc3 exf5 25.Bd5 Bxd5 26.Rxd5 Rfe8 27.Rxf5 Re2 28.g3 Re4
29.Rf4 Rxf4 30.gxf4 Rc8 31.Kd2 Rc4 32.Kd3 Rxf4 33.c4 f5 34.Re1 Kf7 35.c5 Re4
36.Rxe4 fxe4+ 37.Kxe4 Ke6 38.c4 g6 39.c6 {#r} 1-0

[Event "Czech League 2011/12 (2nd) (d)"]
[Site "masterchessopen.com Czech Republic"]
[Date "2012.04.22"]
[Round "11"]
[White "Vesely Tomas (CZE)"]
[Black "Mezlik Stanislav"]
[Result "0-1"]
[WhiteElo "2128"]
[BlackElo "1893"]

1.e4 c5 2.Nf3 d6 3.d4 cxd4 4.Nxd4 Nf6 5.Nc3 Nc6 6.Bg5 e6 7.Qd2 Be7 8.O-O-O O-O
9.f4 Nxd4 10.Qxd4 Qa5 11.e5 dxe5 12.fxe5 Rd8 13.Qa4 Rxd1+ 14.Kxd1 Qd8+ 15.Bd3
Nd5 16.Nxd5 exd5 17.Bxh7+ Kf8 18.Bd2 Bd7 19.Qd4 Rc8 20.Rf1 Rc4 21.Qf2 Be6
22.Bg6 Bc5 23.Qe1 Kg8 24.Bf5 Bxf5 25.Rxf5 Qd7 26.Qf1 Re4 27.Rg5 g6 28.Qd3 Qe6
29.Qg3 Be7 30.Rh5 Rg4 {#R} 0-1

[Event "It (open)"]
[Site "masterchessopen.com Albena (Bulgaria)"]
[Date "2012.05.26"]
[Round "1"]
[White "Nancheva Doroteya (BUL)"]
[Black "Kashashvili Alexandre (GEO)"]
[Result "0-1"]
[WhiteElo "1810"]
[BlackElo "2270"]

1.e4 c5 2.Nf3 d6 3.d4 cxd4 4.Nxd4 Nf6 5.Nc3 Nc6 6.Bg5 e6 7.Qd2 Be7 8.O-O-O O-O
9.f4 Nxd4 10.Qxd4 Qa5 11.e5 dxe5 12.Qxe5 Qxe5 13.fxe5 Nd5 14.Bxe7 Nxe7 15.Bd3
b6 16.Be4 Rb8 17.Rhe1 Bb7 18.Rd7 Bxe4 19.Rxe4 Nc6 20.Nb5 Rfd8 21.Rd6 Rbc8
22.Rxd8+ Rxd8 23.Ra4 g5 24.b3 a5 25.Rg4 h6 26.h4 Nxe5 27.Rg3 f6 28.Nc7 Kf7
29.hxg5 hxg5 30.Rh3 Rd6 31.Rh7+ Kg6 32.Re7 Kf5 33.Ne8 Rd7 34.Ng7+ Kg4 35.Rxd7
Nxd7 36.Nxe6 Kg3 37.Kd2 Kxg2 38.Ng7 Kf3 39.Nf5 g4 40.Nh4+ Kg3 41.Nf5+ Kf4
42.Ne3 f5 43.Ke2 Ke4 {#R} 0-1

[Event "It (open)"]
[Site "masterchessopen.com Bussum (Netherlands)"]
[Date "2012.05.27"]
[Round "4"]
[White "Visser Henk-Jan (NED)"]
[Black "Riemersma Liafbern (NED)"]
[Result "0-1"]
[WhiteElo "2245"]
[BlackElo "2418"]

1.e4 c5 2.Nf3 d6 3.d4 Nf6 4.Nc3 cxd4 5.Nxd4 Nc6 6.Bg5 e6 7.Qd2 Be7 8.O-O-O
Nxd4 9.Qxd4 O-O 10.f4 Qa5 11.Bc4 h6 12.Bh4 e5 13.fxe5 dxe5 14.Qd3 Bg4 15.Bxf6
Bxf6 16.Rdf1 Bh4 17.Kb1 Qc5 18.h3 Rad8 19.Bd5 Be6 20.Qe2 Bxd5 21.exd5 f5 22.g4
f4 23.Rf3 Rde8 24.Qe4 b5 25.Rd1 b4 26.Ne2 Rc8 27.b3 Qd6 28.Rdd3 Rc5 29.c4 bxc3
30.Nxc3 Rfc8 31.Kc2 Bd8 32.Kb2 Ba5 33.h4 Rd8 34.b4 Bxb4 35.Qxb4 Rb8 36.Qb3
Rxb3+ 37.axb3 Rxc3 38.Rxc3 e4 39.Rc8+ Kh7 40.Rfc3 f3 41.h5 f2 42.Re8 Qf6 {#R}
0-1

[Event "It (open)"]
[Site "masterchessopen.com Ortisei (Italy)"]
[Date "2012.06.06"]
[Round "5"]
[White "Bertagnolli Alexander (ITA)"]
[Black "Bianco Valerio (ITA)"]
[Result "0-1"]
[WhiteElo "2376"]
[BlackElo "2150"]

1.e4 c5 2.Nf3 d6 3.d4 cxd4 4.Nxd4 Nf6 5.Nc3 Nc6 6.Bg5 e6 7.Qd2 Be7 8.O-O-O
Nxd4 9.Qxd4 O-O 10.f4 Qa5 11.Bc4 h6 12.Bh4 e5 13.Qd3 exf4 14.e5 dxe5 15.Bxf6
Bxf6 16.Nd5 Bd8 17.Rhe1 b5 18.Bb3 Bg4 19.Rd2 Bg5 20.h3 Be6 21.h4 Bxh4 22.Rxe5
Rad8 23.c3 Bxd5 24.Bxd5 Qb6 25.Kc2 Bg5 26.Rd1 Bf6 27.Re2 Rfe8 28.Red2 Re5
29.Qf3 Qe3 30.Qf1 a6 31.a4 Rb8 32.Rf2 bxa4 33.Rd3 Qc5 34.Bc4 a3 35.b3 Rbe8
36.Rdf3 Re1 37.Qd3 a2 38.Bxf7+ Kxf7 39.Rxf4 Rc1+ 40.Kd2 Rd1+ {#R} 0-1

[Event "It (open)"]
[Site "masterchessopen.com Utrecht (Netherlands)"]
[Date "2012.06.08"]
[Round "1"]
[White "Van Kampen Robin (NED)"]
[Black "Gerlich Remco (NED)"]
[Result "1-0"]
[WhiteElo "2568"]
[BlackElo "2022"]

1.e4 c5 2.Nf3 Nc6 3.d4 cxd4 4.Nxd4 Nf6 5.Nc3 d6 6.Bg5 e6 7.Qd2 Be7 8.O-O-O O-O
9.f4 Nxd4 10.Qxd4 Qa5 11.Be2 h6 12.h4 e5 13.Qe3 Be6 14.f5 Bxa2 15.Bxh6 gxh6
16.Qxh6 Nh7 17.Rh3 Kh8 18.Nxa2 Qxa2 19.Ra3 {#r} 1-0

[Event "It (open)"]
[Site "masterchessopen.com Ortisei (Italy)"]
[Date "2012.06.10"]
[Round "9"]
[White "Van Foreest Jorden (NED)"]
[Black "Bianco Valerio (ITA)"]
[Result "1-0"]
[WhiteElo "2172"]
[BlackElo "2150"]

1.e4 c5 2.Nf3 d6 3.d4 cxd4 4.Nxd4 Nf6 5.Nc3 Nc6 6.Bg5 e6 7.Qd2 Be7 8.O-O-O
Nxd4 9.Qxd4 O-O 10.f4 Qa5 11.Bc4 h6 12.Bh4 e5 13.fxe5 dxe5 14.Qd3 Bg4 15.Bxf6
Bxf6 16.Rdf1 Bh4 17.g3 Bg5+ 18.Kb1 Rad8 19.Nd5 b5 20.Bxb5 Rb8 21.h4 Qxb5
22.Qxb5 Rxb5 23.hxg5 h5 24.b3 Kh7 25.Ne7 f6 26.gxf6 gxf6 27.Nd5 Rb7 28.Kb2
Rbf7 29.Rf2 Kg6 30.Rhf1 Kg5 31.c4 Be6 32.Kc3 Bh3 33.Re1 Be6 34.c5 f5 35.Kc4
fxe4 36.Rxf7 Bxf7 37.Rxe4 Kf5 38.Re1 Kg4 39.c6 Kxg3 40.Kc5 Bxd5 41.Kxd5 Rd8+
42.Ke6 Kf4 43.Rf1+ Ke4 44.c7 Rh8 45.Kd7 Rh7+ 46.Kc6 Rh8 47.Kb7 Rh7 48.Kb8 Rxc7
49.Kxc7 {#r} 1-0

[Event "Ch Russia (Higher League)"]
[Site "masterchessopen.com Tiumen (Russia)"]
[Date "2012.06.17"]
[Round "2"]
[White "Popov Mikhail (RUS)"]
[Black "Sergeev Veniamin (RUS)"]
[Result "1-0"]
[WhiteElo "2184"]
[BlackElo "2397"]

1.e4 c5 2.Nf3 d6 3.d4 cxd4 4.Nxd4 Nf6 5.Nc3 Nc6 6.Bg5 e6 7.Qd2 Be7 8.O-O-O O-O
9.f4 Nxd4 10.Qxd4 h6 11.Bh4 Qa5 12.Qd3 Rd8 13.g4 Bd7 14.g5 Nh5 15.Qf3 Nxf4
16.Qxf4 hxg5 17.Rg1 gxh4 18.Bd3 Qe5 19.Qh6 g6 20.Rdf1 Be8 21.Bc4 Qg7 22.Qf4
Rac8 23.Bb3 Rc5 24.Nd1 Qe5 25.Qf3 Bg5+ 26.Kb1 a5 27.Nf2 Qg7 28.Nd3 Rdc8 29.e5
Rxe5 30.Nxe5 Qxe5 31.Qxb7 Rd8 32.Re1 Qc5 33.a4 Kh8 34.Qf3 Kg7 35.Ref1 Be7
36.Rg4 d5 37.Qf4 Qd6 38.Qd2 Qc5 39.Qe1 Qc7 40.Rg2 {#r} 1-0

[Event "It (open)"]
[Site "masterchessopen.com Voronezh (Russia)"]
[Date "2012.06.20"]
[Round "8"]
[White "Papp Petra (HUN)"]
[Black "Ulko Jaroslav (RUS)"]
[Result "0-1"]
[WhiteElo "2292"]
[BlackElo "2460"]

1.e4 c5 2.Nf3 Nc6 3.d4 cxd4 4.Nxd4 Nf6 5.Nc3 d6 6.Bg5 e6 7.Qd2 Be7 8.O-O-O
Nxd4 9.Qxd4 O-O 10.f4 Qa5 11.e5 dxe5 12.Qxe5 Qxe5 13.fxe5 Nd5 14.Bxe7 Nxe7
15.Bd3 Nc6 16.Rhe1 Rd8 17.Nb5 Kf8 18.Nd6 Nxe5 19.Bxh7 f6 20.Be4 Rb8 21.Re3 Ke7
22.Nxc8+ Rdxc8 23.Rg3 f5 24.Bd3 Kf6 25.Be2 Rh8 26.h3 b6 27.Ra3 Rb7 28.Rc3 Rh4
29.Re3 Rd7 30.Re1 Rd6 31.Bb5 Nf7 32.Be8 Ng5 33.Bb5 Re4 34.a4 a5 35.c3 Rxe3
36.Rxe3 e5 37.b4 e4 38.c4 axb4 39.c5 bxc5 40.a5 Ne6 41.Kb2 Rd2+ 42.Kc1 Ra2
43.a6 Nc7 44.Re2 Ra3 {#R} 0-1

[Event "Ch Central Serbia (open)"]
[Site "masterchessopen.com Paracin (Serbia)"]
[Date "2012.07.06"]
[Round "1"]
[White "Matsenko Sergei (RUS)"]
[Black "Chandra Akshat (USA)"]
[Result "1-0"]
[WhiteElo "2460"]
[BlackElo "2179"]

1.e4 c5 2.Nf3 Nc6 3.d4 cxd4 4.Nxd4 Nf6 5.Nc3 d6 6.Bg5 e6 7.Qd2 Be7 8.O-O-O O-O
9.f4 Nxd4 10.Qxd4 Qa5 11.Bc4 Bd7 12.Bb3 Bc6 13.Kb1 Rfd8 14.Rhe1 Qc7 15.f5 exf5
16.Qc4 Rf8 17.exf5 d5 18.Rxd5 Qxh2 19.Rxe7 Nxd5 20.Nxd5 Bxd5 21.Qxd5 Rad8
22.Qf3 Qg1+ 23.Bc1 Rd1 24.Qe3 Qxe3 25.Rxe3 Rfd8 26.c3 Rf1 27.Bd5 h5 28.Bf3 h4
29.Kc2 b6 30.Bd2 Rd7 31.Bd1 Rh1 32.Bg4 Rh2 33.Bh3 Rh1 34.f6 Rd6 35.fxg7 Rh6
36.Re4 {#r} 1-0

[Event "Tournament \"]
[Site "masterchessopen.com Hamadan (Iran)"]
[Date "2012.07.13"]
[Round "4"]
[White "Maleki Amir (IRI)"]
[Black "Lorparizangeneh Shahin"]
[Result "0-1"]
[WhiteElo "2113"]
[BlackElo "2195"]

1.e4 c5 2.Nc3 d6 3.Nf3 Nf6 4.d4 cxd4 5.Nxd4 Nc6 6.Bg5 e6 7.Qd2 Be7 8.O-O-O
Nxd4 9.Qxd4 O-O 10.f4 Qa5 11.Bc4 Bd7 12.e5 dxe5 13.fxe5 Bc6 14.Bxf6 gxf6
15.Rhe1 f5 16.g4 Bg5+ 17.Kb1 Rad8 18.Qf2 Rxd1+ 19.Rxd1 fxg4 20.Rg1 h5 21.h3
Qxe5 22.hxg4 h4 23.Bd3 h3 24.Re1 Qf4 25.Qc5 Bg2 26.Ne4 h2 27.Nxg5 h1=Q 28.Rxh1
Bxh1 29.Nh7 Rd8 30.Qg1 Bc6 31.g5 Kg7 32.Nf6 Rh8 33.a3 Rh2 34.Qc5 Rh4 35.Be2
Qd4 36.Qe7 Rh1+ 37.Ka2 Bd5+ 38.Nxd5 Qxd5+ 39.c4 Qd4 40.Qxb7 Rh2 41.Qf3 Qe5
{#R} 0-1

[Event "Ch Turkey (team)"]
[Site "masterchessopen.com Konya (Turkey)"]
[Date "2012.07.18"]
[Round "9"]
[White "Sanal Vahap (TUR)"]
[Black "Yuksel Atilla Koksal (TUR)"]
[Result "1-0"]
[WhiteElo "2332"]
[BlackElo "1978"]

1.e4 c5 2.Nf3 Nc6 3.d4 cxd4 4.Ng1 Nb8 5.Nf3 Nc6 6.Nxd4 Nf6 7.Nc3 d6 8.Bg5 e6
9.Qd2 Be7 10.O-O-O O-O 11.f4 Nxd4 12.Qxd4 Qa5 13.e5 dxe5 14.Qxe5 Qxe5 15.fxe5
Nd5 16.Bxe7 Nxe7 17.Bd3 b6 18.Be4 Rb8 19.Rhe1 Bb7 20.Rd7 Bxe4 21.Rxe4 Nc6
22.Nb5 a6 23.Nd4 Rbd8 24.Rxd8 Nxd8 25.Re3 Nb7 26.Ra3 Ra8 27.Rb3 Nc5 28.Rxb6
Nd7 29.Rb7 Nxe5 30.b4 Kf8 31.a4 Ke8 32.Nb3 Nd7 33.Na5 Kd8 34.Kb2 Kc8 35.Kb3 e5
36.Kc4 e4 37.Kd5 Rb8 38.Rxb8+ Kxb8 39.Kxe4 Nb6 40.Nc6+ Kc7 41.a5 Nc8 42.Nd4
Kd6 43.c4 g6 44.Nb3 f5+ 45.Kd3 Ne7 46.Nc5 Nc6 47.Nxa6 g5 48.Kc3 h5 49.Nc5 h4
50.Nd3 {#r} 1-0

[Event "Ch Spain (team) (1 Div) (1A)"]
[Site "masterchessopen.com Don Benito (Spain)"]
[Date "2012.07.30"]
[Round "1"]
[White "Suarez Real Alberto (ESP)"]
[Black "Meneses Gonzalez Kevin (ESP)"]
[Result "1-0"]
[WhiteElo "2400"]
[BlackElo "2264"]

1.e4 c5 2.Nf3 d6 3.d4 cxd4 4.Nxd4 Nf6 5.Nc3 Nc6 6.Bg5 e6 7.Qd2 Be7 8.O-O-O
Nxd4 9.Qxd4 O-O 10.f4 Qa5 11.Bc4 Bd7 12.e5 dxe5 13.fxe5 Bc6 14.Bd2 Nd7 15.Nd5
Qd8 16.Nxe7+ Qxe7 17.Rhe1 Nb6 18.Bf1 Rfd8 19.Qg4 Rac8 20.Bb4 Rxd1+ 21.Rxd1 Qe8
22.Qh4 Nd5 23.Bd3 h6 24.Bd2 Bb5 25.Be4 Qf8 26.g4 Nb4 27.Bxb4 Qxb4 28.Rd8+ Rxd8
29.Qxd8+ Qf8 30.Bh7+ {#r} 1-0

[Event "It (open) (b)"]
[Site "masterchessopen.com Rewal (Poland)"]
[Round "7"]
[White "Jacek Krystian (POL)"]
[Black "Jasnikowska Malgorzata"]
[Result "1-0"]
[WhiteElo "2071"]
[BlackElo "1725"]

1.e4 c5 2.Nf3 d6 3.d4 cxd4 4.Nxd4 Nf6 5.Nc3 Nc6 6.Bg5 e6 7.Qd2 Be7 8.O-O-O O-O
9.f4 Nxd4 10.Qxd4 Qa5 11.Kb1 Rd8 12.Bd3 a6 13.Rhe1 b5 14.Bxf6 Bxf6 15.e5 dxe5
16.Qe4 Rxd3 17.Rxd3 Rb8 18.fxe5 Be7 19.Rh3 h6 20.Rf1 Bb7 21.Qf4 Rf8 22.Ne4
Bxe4 23.Qxe4 Qc7 24.Rc3 Qd7 25.Rd3 Qc7 26.Rfd1 Rd8 27.Rxd8+ Bxd8 28.Qa8 {#r}
1-0

[Event "It \"]
[Site "masterchessopen.com Korinthia (Greece)"]
[Date "2012.08.21"]
[Round "5"]
[White "Fier Alexander Hilario Takeda (BRA)"]
[Black "Perunovic Miodrag (SRB)"]
[Result "1-0"]
[WhiteElo "2582"]
[BlackElo "2461"]

1.e4 c5 2.Nf3 d6 3.d4 cxd4 4.Nxd4 Nf6 5.Nc3 Nc6 6.Bg5 e6 7.Qd2 Be7 8.O-O-O
Nxd4 9.Qxd4 O-O 10.f4 Qa5 11.Kb1 h6 12.h4 e5 13.Qd3 exf4 14.Bxf4 Be6 15.Nd5
Nxd5 16.exd5 Bg4 17.Be2 Bxe2 18.Qxe2 Bf6 19.Bxd6 Rfd8 20.Be7 Rxd5 21.Bxf6 gxf6
22.Qg4+ Kh8 23.Qf4 Kg7 24.Rdf1 Qd8 25.g4 Qd6 26.Qf3 Re8 27.g5 hxg5 28.hxg5
Rxg5 29.Qxb7 Qd5 30.Qa6 Rg6 31.b3 Qd4 32.Qb7 Re2 33.Qc8 {#r} 1-0

[Event "Olympiad (under 16)"]
[Site "masterchessopen.com Istanbul (Turkey)"]
[Date "2012.09.04"]
[Round "9"]
[White "Brazdzionis Andrius (LTU)"]
[Black "Lorparizangeneh Shahin (IRI)"]
[Result "0-1"]
[WhiteElo "1919"]
[BlackElo "2195"]

1.e4 c5 2.Nf3 d6 3.d4 cxd4 4.Nxd4 Nf6 5.Nc3 Nc6 6.Bg5 e6 7.Qd2 Be7 8.O-O-O
Nxd4 9.Qxd4 O-O 10.f4 Qa5 11.Kb1 Rd8 12.Bc4 Bd7 13.Rhe1 Bc6 14.Bb3 h6 15.Bh4
Qh5 16.Bg3 Rd7 17.Ba4 b5 18.Bb3 Rad8 19.Rc1 Qc5 20.Qd3 a5 21.a4 bxa4 22.Bxa4
Bxa4 23.Nxa4 Qb4 24.Qa3 Rb7 25.Qxb4 Rxb4 26.Nc3 Rdb8 27.b3 a4 28.e5 dxe5
29.fxe5 Nh5 30.Na2 R4b7 31.b4 Bxb4 32.Nxb4 Rxb4+ 33.Ka2 Nxg3 34.hxg3 Rc4
35.Re3 Rd8 36.Kb2 Rd2 37.Rc3 Re4 38.Rf1 Rxg2 39.Rc8+ Kh7 40.Rxf7 Rxg3 41.Ra7
h5 42.c4 {#R} 0-1

[Event "It (open)"]
[Site "masterchessopen.com Istanbul (Turkey)"]
[Date "2012.09.06"]
[Round "7"]
[White "Soltanici Ruslan (MDA)"]
[Black "Bakre Tejas (IND)"]
[Result "1-0"]
[WhiteElo "2411"]
[BlackElo "2482"]

1.e4 c5 2.Nf3 d6 3.d4 cxd4 4.Nxd4 Nf6 5.Nc3 Nc6 6.Bg5 e6 7.Qd2 Be7 8.O-O-O O-O
9.f4 Nxd4 10.Qxd4 Qa5 11.Kb1 Rd8 12.h4 b5 13.Bxb5 Rb8 14.Bc4 Rb4 15.Qd3 Bb7
16.Bb3 Kf8 17.f5 Nxe4 18.fxe6 f6 19.Rhe1 d5 20.Bc1 Qb6 21.Nxe4 dxe4 22.Qh3 a5
23.a4 Bc6 24.h5 Rb8 25.Qf5 Kg8 26.Be3 Qb7 27.Rd7 Bxd7 28.exd7+ Rxb3 29.Qe6+
Kh8 30.cxb3 Qxb3 31.Qxb3 Rxb3 32.Bc5 {#r} 1-0

[Event "Olympiad"]
[Site "masterchessopen.com Istanbul (Turkey)"]
[Date "2012.09.06"]
[Round "9"]
[White "Tomic Bosko (BIH)"]
[Black "Agopov Mikael (FIN)"]
[Result "1-0"]
[WhiteElo "2407"]
[BlackElo "2442"]

1.e4 c5 2.Nf3 d6 3.Nc3 Nf6 4.d4 cxd4 5.Nxd4 Nc6 6.Bg5 e6 7.Qd2 Be7 8.O-O-O O-O
9.f4 Nxd4 10.Qxd4 Qa5 11.e5 dxe5 12.Qxe5 Qxe5 13.fxe5 Nd5 14.Bxe7 Nxe7 15.Bd3
b6 16.Be4 Rb8 17.Rhe1 Ng6 18.Bxg6 fxg6 19.g3 Rb7 20.Ne4 Rc7 21.Rf1 Rxf1
22.Rxf1 Bb7 23.Nd6 g5 24.Kd2 h5 25.c4 g4 26.Rf4 Bf3 27.Kc3 a5 28.b3 Bd1 29.Ne4
b5 30.Ng5 b4+ 31.Kd2 Rd7+ 32.Ke3 a4 33.bxa4 {#r} 1-0

[Event "Memorial G H Raisoni (juniors) (under 15)"]
[Site "masterchessopen.com Nagpur (India)"]
[Date "2012.09.21"]
[Round "7"]
[White "Rakesh Kumar Jena (IND)"]
[Black "Visveshwar A (IND)"]
[Result "1-0"]
[WhiteElo "1924"]
[BlackElo "1702"]

1.e4 c5 2.Nf3 d6 3.d4 cxd4 4.Nxd4 Nf6 5.Nc3 Nc6 6.Bg5 e6 7.Qd2 Be7 8.f4 O-O
9.O-O-O Nxd4 10.Qxd4 Qa5 11.Bc4 a6 12.Kb1 b5 13.Bb3 Rd8 14.Rhe1 Bb7 15.f5 e5
16.Qd3 b4 17.Bxf6 Bxf6 18.Nd5 Bxd5 19.Bxd5 Rab8 20.g4 Rdc8 21.Qg3 Qd8 22.Rg1
Bg5 23.Rdf1 Qf6 24.h4 Bf4 25.Qh3 Kh8 26.g5 Qe7 27.Qg4 a5 28.h5 a4 29.f6 gxf6
30.g6 fxg6 31.hxg6 Qg7 32.Rh1 h6 33.Rxf4 exf4 34.Qxf4 Qf8 35.Rxh6+ Kg7 36.Rh7+
Kxg6 37.Qf5# 1-0